000 00318nam a22001337a 4500
008 170321b xxu||||| |||| 00| 0 eng d
020 _a2800781778543
041 _aeng
080 _23RD
_a616.12-008-073
100 _a7
101 _aSHM
245 _aMANUAL OF CARDIOVASCULAR MEDICINE
_cGRIFFIN, B.P
942 _2udc
_cBK
999 _c8216
_d8216